Entry Término temático
001 - NÚMERO DE CONTROL
- campo de control: 241653
003 - IDENTIFICADOR DE NÚMERO DE CONTROL
- campo de control: SpMaBN
005 - FECHA Y HORA DE LA ÚLTIMA TRANSACCIÓN
- campo de control: 20250807041902.0
008 - ELEMENTOS DE DATO DE LONGITUD-FIJA
- campo de control de longitud fija: 901201dn anznnbabn n ana
016 ## - NÚMERO DE CONTROL DE UNA AGENCIA BIBLIOGRÁFICA NACIONAL
- Número de control del registro: BNE19901009505
040 ## - FUENTE DE CATALOGACIÓN
- Centro catalogador/agencia de origen: SpMaBN
- Lengua de catalogación: spa
- Centro/agencia transcriptor: SpMaBN
- Normas de descripción: rdc
- Convención/Normas de encabezamiento de materia/tesauro: embne
080 ## - NÚMERO DE LA CLASIFICACIÓN DECIMAL UNIVERSAL
- Número de la Clasificación Decimal Universal: 015(460.41)
- Identificador de la edición: 2004
150 ## - ENCABEZAMIENTO--TÉRMINO DE MATERIA
- Término de materia o nombre geográfico como elemento de entrada: Bibliografías canarias
450 ## - TRAZADO DE VÉASE--TÉRMINO DE MATERIA
- Término de materia o nombre geográfico como elemento de entrada: Impresos canarios-
- Subdivisión de forma: Bibliografías
450 ## - TRAZADO DE VÉASE--TÉRMINO DE MATERIA
- Término de materia o nombre geográfico como elemento de entrada: Libros-
- Subdivisión geográfica: Canarias-
- Subdivisión de forma: Bibliografías
450 ## - TRAZADO DE VÉASE--TÉRMINO DE MATERIA
- Término de materia o nombre geográfico como elemento de entrada: Libros impresos en Canarias-
- Subdivisión de forma: Bibliografías
